| 000 | 00633cam a2200193 4500 | ||
|---|---|---|---|
| 001 | WB3639-14 | ||
| 008 | 000000n2000 000 0 eng u | ||
| 035 | _a(Sirsi) u108594 | ||
| 245 | _aProtocol to steer construction cases away from court | ||
| 260 | _c2000 | ||
| 490 |
_aLaw Society's Gazette _v(97) 2 September 2000, 6(1) |
||
| 520 | _aBriefly describes a new pre-action protocol which should mean fewer cases reaching court. Comes into force 2 October 2000. | ||
| 590 | _aWB | ||
| 650 | _aPROTOCOLS | ||
| 650 | _aCOURT PROCEDURES | ||
| 650 | _aCONSTRUCTION DISPUTES | ||
| 690 |
_aDispute resolution _96236 |
||
| 942 | _n0 | ||
| 999 |
_c64826 _d64826 |
||